000 04126nam a22001937a 4500
005 20260323171716.0
020 _a9788180695735
041 _aHIN
082 _a305.800954
_bPAS-A
100 _aपासवान, तुलसी दास
_eलेखक
_qTulsi Das Paswan
245 _aअनुसूचित जातिओ का मानवाधिकार भूगोल
_cतुलसी दास पासवान
246 _aAnsuchit Jatiyo ka Manav Adikar Bhugol
260 _aनई दिल्ली :
_bकांसेप्ट पब्लिशिंग कंपनी,
_c2008.
300 _a148p.;
520 _aप्रस्तुत पुस्तक अनुसूचित जाति के मानवाधिकारों के आयामों के भौगोलिक विस्तार के परीक्षण से संबंधित है। अध्ययन क्षेत्र पूर्वी उत्तर प्रदेश के तमकुही राज तहसील (जनपद कुशीनगर) में चमार, कहार, डोम, धोबी, भंगी, हलालखोर, दुसाध जैसे अनुसूचित जातियों के निवास की गुणवत्ता, जीवनस्तर, बीमारी, भुखमरी, ऋणग्रस्तता, बेरोजगारी, कृषि संसाधनों की सीमान्तता, भूस्वामित्व का खोखलापन आदि को प्रकाश में लाती है। अनुसूचित जातियां बंधुआ मजदूरी के प्रत्यक्ष रूप पैतृक व्यवसायों में अधिकतर संलग्न हैं। पुस्तक में संबंधित क्षेत्र के कृषि प्रदेशों में अनुसूचित जातियों की सहभागिता, मानवाधिकार की वंचना, संसाधनों की सीमांतता जैसे तथ्यों के भौगोलिक वितरण का परीक्षण कर यह स्पष्ट करता है कि मानवाधिकारों पर पिछले पचास वर्षों में किये गये प्रयास अधूरे हैं। पुस्तक नियोजन नीति के दर्शन एवं कार्यान्वयन के आमूल-चूल परिवर्तन की मांग करती है। क्षेत्र के 29 प्रतिचयित ग्रामों से अनुभवपरक उदाहरण तालिकाओं, मानचित्रों आदि के द्वारा प्रस्तुत किये गये हैं। भूगोल की दो, नवोदित शाखाओं, भूस्वामित्व भूगोल एवं मानवाधिकार भूगोल, की संकल्पनाएँ प्रस्तुत की गई हैं। आशा की जाती है कि पुस्तक भूगोल शोधार्थियों के अलावा चिन्तकों, समाजसेवियों, प्रशासनिकों, नीति निर्धारकों एवं राजनेताओं के लिए उपयोगी सिद्ध होगी तथा दलितों के उत्थान हेतु जमीनी प्रयासों के कार्यान्वयन हेतु प्रेरित करेगी।
546 _aHindi
650 _aसामाजिक न्याय
_vमानवाधिकार अध्ययन
_xमानव भूगोल
_zराष्ट्रीय स्तर
942 _2ddc
_cBK
999 _c39884
_d39884